<?xml version="1.0" encoding="UTF-8"?>
<collection xmlns="http://www.loc.gov/MARC21/slim">
 <record>
  <leader>07199nas a22008051  4500</leader>
  <controlfield tag="001">1/50274</controlfield>
  <controlfield tag="008">020404c19839999iluqr1p       0   a0eng d</controlfield>
  <datafield tag="022" ind1=" " ind2=" ">
   <subfield code="a">0734-306X</subfield>
  </datafield>
  <datafield tag="035" ind1=" " ind2=" ">
   <subfield code="l">23681</subfield>
  </datafield>
  <datafield tag="040" ind1=" " ind2=" ">
   <subfield code="a">DLC</subfield>
   <subfield code="b">GR-PeUP</subfield>
  </datafield>
  <datafield tag="090" ind1=" " ind2=" ">
   <subfield code="a">Aλφαβητική σειρά</subfield>
  </datafield>
  <datafield tag="245" ind1="0" ind2="0">
   <subfield code="a">Journal of labor economics</subfield>
  </datafield>
  <datafield tag="260" ind1=" " ind2=" ">
   <subfield code="a">Chicago, Ill. :</subfield>
   <subfield code="b">University of Chicago Press,</subfield>
   <subfield code="c">1983-</subfield>
  </datafield>
  <datafield tag="300" ind1=" " ind2=" ">
   <subfield code="a">v. :</subfield>
   <subfield code="b">ill. ;</subfield>
   <subfield code="c">23 cm.</subfield>
  </datafield>
  <datafield tag="310" ind1=" " ind2=" ">
   <subfield code="a">Quarterly</subfield>
  </datafield>
  <datafield tag="362" ind1="0" ind2=" ">
   <subfield code="a">Vol.20, no.1( 2002)-</subfield>
  </datafield>
  <datafield tag="546" ind1=" " ind2=" ">
   <subfield code="a">English</subfield>
  </datafield>
  <datafield tag="650" ind1=" " ind2="4">
   <subfield code="a">Labor economics</subfield>
   <subfield code="v">Periodicals.</subfield>
  </datafield>
  <datafield tag="650" ind1=" " ind2="4">
   <subfield code="a">Labor</subfield>
   <subfield code="z">United States</subfield>
   <subfield code="v">Periodicals.</subfield>
  </datafield>
  <datafield tag="710" ind1="2" ind2=" ">
   <subfield code="a">Economics Research Center/NORC.</subfield>
  </datafield>
  <datafield tag="852" ind1=" " ind2=" ">
   <subfield code="a">INST</subfield>
   <subfield code="b">UNIPILB</subfield>
   <subfield code="c">SERIALS</subfield>
   <subfield code="e">20041123</subfield>
   <subfield code="h">Aλφαβητική σειρά</subfield>
   <subfield code="p">37957</subfield>
   <subfield code="q">37957</subfield>
   <subfield code="t">NOLOAN</subfield>
   <subfield code="v">vol.21;no.1:(Μήνας)January;(Έτος)2003</subfield>
   <subfield code="y">23</subfield>
  </datafield>
  <datafield tag="852" ind1=" " ind2=" ">
   <subfield code="a">INST</subfield>
   <subfield code="b">UNIPILB</subfield>
   <subfield code="c">SERIALS</subfield>
   <subfield code="e">20041123</subfield>
   <subfield code="h">Aλφαβητική σειρά</subfield>
   <subfield code="p">37958</subfield>
   <subfield code="q">37958</subfield>
   <subfield code="t">NOLOAN</subfield>
   <subfield code="v">vol.21;no.2:(Μήνας)April;(Έτος)2003</subfield>
   <subfield code="y">23</subfield>
  </datafield>
  <datafield tag="852" ind1=" " ind2=" ">
   <subfield code="a">INST</subfield>
   <subfield code="b">UNIPILB</subfield>
   <subfield code="c">SERIALS</subfield>
   <subfield code="e">20041123</subfield>
   <subfield code="h">Aλφαβητική σειρά</subfield>
   <subfield code="p">37959</subfield>
   <subfield code="q">37959</subfield>
   <subfield code="t">NOLOAN</subfield>
   <subfield code="v">vol.21;no.3:(Μήνας)July;(Έτος)2003</subfield>
   <subfield code="y">23</subfield>
  </datafield>
  <datafield tag="852" ind1=" " ind2=" ">
   <subfield code="a">INST</subfield>
   <subfield code="b">UNIPILB</subfield>
   <subfield code="c">SERIALS</subfield>
   <subfield code="e">20041123</subfield>
   <subfield code="h">Aλφαβητική σειρά</subfield>
   <subfield code="p">37960</subfield>
   <subfield code="q">37960</subfield>
   <subfield code="t">NOLOAN</subfield>
   <subfield code="v">vol.21;no.4:(Μήνας)October;(Έτος)2003</subfield>
   <subfield code="y">23</subfield>
  </datafield>
  <datafield tag="852" ind1=" " ind2=" ">
   <subfield code="a">INST</subfield>
   <subfield code="b">UNIPILB</subfield>
   <subfield code="c">SERIALS</subfield>
   <subfield code="e">20050114</subfield>
   <subfield code="h">Aλφαβητική σειρά</subfield>
   <subfield code="p">38852</subfield>
   <subfield code="q">38852</subfield>
   <subfield code="t">NOLOAN</subfield>
   <subfield code="v">vol.22;no.1:(Μήνας)January;(Έτος)2004</subfield>
   <subfield code="y">23</subfield>
  </datafield>
  <datafield tag="852" ind1=" " ind2=" ">
   <subfield code="a">INST</subfield>
   <subfield code="b">UNIPILB</subfield>
   <subfield code="c">SERIALS</subfield>
   <subfield code="e">20050125</subfield>
   <subfield code="h">Aλφαβητική σειρά</subfield>
   <subfield code="p">39247</subfield>
   <subfield code="q">39247</subfield>
   <subfield code="t">NOLOAN</subfield>
   <subfield code="v">vol.22;no.3:(Μήνας)July;(Έτος)2004</subfield>
   <subfield code="y">23</subfield>
  </datafield>
  <datafield tag="852" ind1=" " ind2=" ">
   <subfield code="a">INST</subfield>
   <subfield code="b">UNIPILB</subfield>
   <subfield code="c">SERIALS</subfield>
   <subfield code="e">20050125</subfield>
   <subfield code="h">Aλφαβητική σειρά</subfield>
   <subfield code="p">39274</subfield>
   <subfield code="q">39274</subfield>
   <subfield code="t">NOLOAN</subfield>
   <subfield code="v">vol.22;no.2:(Μήνας)April;(Έτος)2004</subfield>
   <subfield code="y">23</subfield>
  </datafield>
  <datafield tag="852" ind1=" " ind2=" ">
   <subfield code="a">INST</subfield>
   <subfield code="b">UNIPILB</subfield>
   <subfield code="c">SERIALS</subfield>
   <subfield code="e">20050204</subfield>
   <subfield code="h">Aλφαβητική σειρά</subfield>
   <subfield code="p">39669</subfield>
   <subfield code="q">39669</subfield>
   <subfield code="t">NOLOAN</subfield>
   <subfield code="v">vol.22;no.4:(Μήνας)October;(Έτος)2004</subfield>
   <subfield code="y">23</subfield>
  </datafield>
  <datafield tag="852" ind1=" " ind2=" ">
   <subfield code="a">INST</subfield>
   <subfield code="b">UNIPILB</subfield>
   <subfield code="c">SERIALS</subfield>
   <subfield code="e">20051216</subfield>
   <subfield code="h">Αλφαβητική σειρά</subfield>
   <subfield code="p">49143</subfield>
   <subfield code="q">49143</subfield>
   <subfield code="t">NOLOAN</subfield>
   <subfield code="v">vol.23;no.1:(Μήνας)January;(Έτος)2005</subfield>
   <subfield code="y">23</subfield>
  </datafield>
  <datafield tag="852" ind1=" " ind2=" ">
   <subfield code="a">INST</subfield>
   <subfield code="b">UNIPILB</subfield>
   <subfield code="c">SERIALS</subfield>
   <subfield code="e">20051216</subfield>
   <subfield code="h">Αλφαβητική σειρά</subfield>
   <subfield code="p">49144</subfield>
   <subfield code="q">49144</subfield>
   <subfield code="t">NOLOAN</subfield>
   <subfield code="v">vol.23;no.2:(Μήνας)April;(Έτος)2005</subfield>
   <subfield code="y">23</subfield>
  </datafield>
  <datafield tag="852" ind1=" " ind2=" ">
   <subfield code="a">INST</subfield>
   <subfield code="b">UNIPILB</subfield>
   <subfield code="c">SERIALS</subfield>
   <subfield code="e">20051216</subfield>
   <subfield code="h">Αλφαβητική σειρά</subfield>
   <subfield code="p">49145</subfield>
   <subfield code="q">49145</subfield>
   <subfield code="t">NOLOAN</subfield>
   <subfield code="v">vol.23;no.3:(Μήνας)July;(Έτος)2005</subfield>
   <subfield code="y">23</subfield>
  </datafield>
  <datafield tag="852" ind1=" " ind2=" ">
   <subfield code="a">INST</subfield>
   <subfield code="b">UNIPILB</subfield>
   <subfield code="c">SERIALS</subfield>
   <subfield code="e">20060120</subfield>
   <subfield code="h">Αλφαβητική σειρά</subfield>
   <subfield code="p">49748</subfield>
   <subfield code="q">49748</subfield>
   <subfield code="t">NOLOAN</subfield>
   <subfield code="v">vol.23;no.4:(Μήνας)October;(Έτος)2005</subfield>
   <subfield code="y">23</subfield>
  </datafield>
  <datafield tag="852" ind1=" " ind2=" ">
   <subfield code="a">INST</subfield>
   <subfield code="b">UNIPILB</subfield>
   <subfield code="c">SERIALS</subfield>
   <subfield code="e">20070907</subfield>
   <subfield code="h">Αλφαβητική σειρά</subfield>
   <subfield code="p">56797</subfield>
   <subfield code="q">56797</subfield>
   <subfield code="t">NOLOAN</subfield>
   <subfield code="v">vol.24;no.1:(Μήνας)January;(Έτος)2006</subfield>
   <subfield code="y">23</subfield>
  </datafield>
  <datafield tag="852" ind1=" " ind2=" ">
   <subfield code="a">INST</subfield>
   <subfield code="b">UNIPILB</subfield>
   <subfield code="c">SERIALS</subfield>
   <subfield code="e">20070907</subfield>
   <subfield code="h">Αλφαβητική σειρά</subfield>
   <subfield code="p">56798</subfield>
   <subfield code="q">56798</subfield>
   <subfield code="t">NOLOAN</subfield>
   <subfield code="v">vol.24;no.2:(Μήνας)April;(Έτος)2006</subfield>
   <subfield code="y">23</subfield>
  </datafield>
  <datafield tag="852" ind1=" " ind2=" ">
   <subfield code="a">INST</subfield>
   <subfield code="b">UNIPILB</subfield>
   <subfield code="c">SERIALS</subfield>
   <subfield code="e">20070907</subfield>
   <subfield code="h">Αλφαβητική σειρά</subfield>
   <subfield code="p">56799</subfield>
   <subfield code="q">56799</subfield>
   <subfield code="t">NOLOAN</subfield>
   <subfield code="v">vol.24;no.3:(Μήνας)July;(Έτος)2006</subfield>
   <subfield code="y">23</subfield>
  </datafield>
  <datafield tag="852" ind1=" " ind2=" ">
   <subfield code="a">INST</subfield>
   <subfield code="b">UNIPILB</subfield>
   <subfield code="c">SERIALS</subfield>
   <subfield code="e">20070907</subfield>
   <subfield code="h">Αλφαβητική σειρά</subfield>
   <subfield code="p">56800</subfield>
   <subfield code="q">56800</subfield>
   <subfield code="t">NOLOAN</subfield>
   <subfield code="v">vol.24;no.4:(Μήνας)October;(Έτος)2006</subfield>
   <subfield code="y">23</subfield>
  </datafield>
  <datafield tag="852" ind1=" " ind2=" ">
   <subfield code="a">INST</subfield>
   <subfield code="b">UNIPILB</subfield>
   <subfield code="c">SERIALS</subfield>
   <subfield code="e">20070917</subfield>
   <subfield code="h">Αλφαβητική σειρά</subfield>
   <subfield code="p">57185</subfield>
   <subfield code="q">57185</subfield>
   <subfield code="t">NOLOAN</subfield>
   <subfield code="v">vol.25;no.2:(Μήνας)April;(Έτος)2007</subfield>
   <subfield code="y">23</subfield>
  </datafield>
  <datafield tag="852" ind1=" " ind2=" ">
   <subfield code="a">INST</subfield>
   <subfield code="b">UNIPILB</subfield>
   <subfield code="c">SERIALS</subfield>
   <subfield code="e">20070917</subfield>
   <subfield code="h">Αλφαβητική σειρά</subfield>
   <subfield code="p">57186</subfield>
   <subfield code="q">57186</subfield>
   <subfield code="t">NOLOAN</subfield>
   <subfield code="v">vol.25;no.3:(Μήνας)July;(Έτος)2007</subfield>
   <subfield code="y">23</subfield>
  </datafield>
  <datafield tag="852" ind1=" " ind2=" ">
   <subfield code="a">INST</subfield>
   <subfield code="b">UNIPILB</subfield>
   <subfield code="c">SERIALS</subfield>
   <subfield code="e">20070917</subfield>
   <subfield code="h">Αλφαβητική σειρά</subfield>
   <subfield code="p">57205</subfield>
   <subfield code="q">57205</subfield>
   <subfield code="t">NOLOAN</subfield>
   <subfield code="v">vol.25;no.1:(Μήνας)January;(Έτος)2007</subfield>
   <subfield code="y">23</subfield>
  </datafield>
  <datafield tag="852" ind1=" " ind2=" ">
   <subfield code="a">INST</subfield>
   <subfield code="b">UNIPILB</subfield>
   <subfield code="c">SERIALS</subfield>
   <subfield code="e">20071129</subfield>
   <subfield code="h">Αλφαβητική σειρά</subfield>
   <subfield code="p">58722</subfield>
   <subfield code="q">58722</subfield>
   <subfield code="t">NOLOAN</subfield>
   <subfield code="v">vol.25;no.4:(Μήνας)October;(Έτος)2007</subfield>
   <subfield code="y">23</subfield>
  </datafield>
  <datafield tag="852" ind1=" " ind2=" ">
   <subfield code="a">INST</subfield>
   <subfield code="b">UNIPILB</subfield>
   <subfield code="c">SERIALS</subfield>
   <subfield code="e">20091130</subfield>
   <subfield code="h">Αλφαβητική σειρά</subfield>
   <subfield code="p">65550</subfield>
   <subfield code="q">65550</subfield>
   <subfield code="t">NOLOAN</subfield>
   <subfield code="v">vol.27;no.1:(Μήνας)January;(Έτος)2009</subfield>
   <subfield code="y">23</subfield>
  </datafield>
  <datafield tag="852" ind1=" " ind2=" ">
   <subfield code="a">INST</subfield>
   <subfield code="b">UNIPILB</subfield>
   <subfield code="c">SERIALS</subfield>
   <subfield code="e">20091130</subfield>
   <subfield code="h">Αλφαβητική σειρά</subfield>
   <subfield code="p">65551</subfield>
   <subfield code="q">65551</subfield>
   <subfield code="t">NOLOAN</subfield>
   <subfield code="v">vol.27;no.3:(Μήνας)July;(Έτος)2009</subfield>
   <subfield code="y">23</subfield>
  </datafield>
  <datafield tag="852" ind1=" " ind2=" ">
   <subfield code="a">INST</subfield>
   <subfield code="b">UNIPILB</subfield>
   <subfield code="c">SERIALS</subfield>
   <subfield code="e">20091211</subfield>
   <subfield code="h">Αλφαβητική σειρά</subfield>
   <subfield code="p">65827</subfield>
   <subfield code="q">65827</subfield>
   <subfield code="t">NOLOAN</subfield>
   <subfield code="v">vol.27;no.4:(Μήνας)October;(Έτος)2009</subfield>
   <subfield code="y">23</subfield>
  </datafield>
  <datafield tag="852" ind1=" " ind2=" ">
   <subfield code="a">INST</subfield>
   <subfield code="b">UNIPILB</subfield>
   <subfield code="c">SERIALS</subfield>
   <subfield code="e">20100707</subfield>
   <subfield code="h">Αλφαβητική σειρά</subfield>
   <subfield code="p">69463</subfield>
   <subfield code="q">69463</subfield>
   <subfield code="t">NOLOAN</subfield>
   <subfield code="v">vol.28;no.1:(Μήνας)January;(Έτος)2010</subfield>
   <subfield code="y">23</subfield>
  </datafield>
  <datafield tag="852" ind1=" " ind2=" ">
   <subfield code="a">INST</subfield>
   <subfield code="b">UNIPILB</subfield>
   <subfield code="c">SERIALS</subfield>
   <subfield code="e">20100907</subfield>
   <subfield code="h">Αλφαβητική σειρά</subfield>
   <subfield code="p">69773</subfield>
   <subfield code="q">69773</subfield>
   <subfield code="t">NOLOAN</subfield>
   <subfield code="v">vol.28;no.2:(Μήνας)April;(Έτος)2010</subfield>
   <subfield code="y">23</subfield>
  </datafield>
  <datafield tag="852" ind1=" " ind2=" ">
   <subfield code="a">INST</subfield>
   <subfield code="b">UNIPILB</subfield>
   <subfield code="c">SERIALS</subfield>
   <subfield code="e">20101007</subfield>
   <subfield code="h">Αλφαβητική σειρά</subfield>
   <subfield code="p">70082</subfield>
   <subfield code="q">70082</subfield>
   <subfield code="t">NOLOAN</subfield>
   <subfield code="v">vol.28;no.3:(Μήνας)July;(Έτος)2010</subfield>
   <subfield code="y">23</subfield>
  </datafield>
  <datafield tag="852" ind1=" " ind2=" ">
   <subfield code="a">INST</subfield>
   <subfield code="b">UNIPILB</subfield>
   <subfield code="c">SERIALS</subfield>
   <subfield code="e">20101018</subfield>
   <subfield code="h">Αλφαβητική σειρά</subfield>
   <subfield code="p">70155</subfield>
   <subfield code="q">70155</subfield>
   <subfield code="t">NOLOAN</subfield>
   <subfield code="v">vol.27;no.2:(Μήνας)April;(Έτος)2009</subfield>
   <subfield code="y">23</subfield>
  </datafield>
  <datafield tag="852" ind1=" " ind2=" ">
   <subfield code="a">INST</subfield>
   <subfield code="b">UNIPILB</subfield>
   <subfield code="c">SERIALS</subfield>
   <subfield code="e">20110912</subfield>
   <subfield code="h">Αλφαβητική σειρά</subfield>
   <subfield code="p">72657</subfield>
   <subfield code="q">72657</subfield>
   <subfield code="t">NOLOAN</subfield>
   <subfield code="v">vol.29;no.1:(Μήνας)January;(Έτος)2011</subfield>
   <subfield code="y">23</subfield>
  </datafield>
  <datafield tag="852" ind1=" " ind2=" ">
   <subfield code="a">INST</subfield>
   <subfield code="b">UNIPILB</subfield>
   <subfield code="c">SERIALS</subfield>
   <subfield code="e">20110912</subfield>
   <subfield code="h">Αλφαβητική σειρά</subfield>
   <subfield code="p">72658</subfield>
   <subfield code="q">72658</subfield>
   <subfield code="t">NOLOAN</subfield>
   <subfield code="v">vol.29;no.2:(Μήνας)April;(Έτος)2011</subfield>
   <subfield code="y">23</subfield>
  </datafield>
  <datafield tag="852" ind1=" " ind2=" ">
   <subfield code="a">INST</subfield>
   <subfield code="b">UNIPILB</subfield>
   <subfield code="c">SERIALS</subfield>
   <subfield code="e">20110912</subfield>
   <subfield code="h">Αλφαβητική σειρά</subfield>
   <subfield code="p">72660</subfield>
   <subfield code="q">72660</subfield>
   <subfield code="t">NOLOAN</subfield>
   <subfield code="v">vol.28;no.4:(Μήνας)October;(Έτος)2010</subfield>
   <subfield code="y">23</subfield>
  </datafield>
  <datafield tag="852" ind1=" " ind2=" ">
   <subfield code="a">INST</subfield>
   <subfield code="b">UNIPILB</subfield>
   <subfield code="c">SERIALS</subfield>
   <subfield code="e">20120427</subfield>
   <subfield code="h">Αλφαβητική σειρά</subfield>
   <subfield code="p">75336</subfield>
   <subfield code="q">75336</subfield>
   <subfield code="t">NOLOAN</subfield>
   <subfield code="v">vol.30;no.1:(Μήνας)January;(Έτος)2012</subfield>
   <subfield code="y">23</subfield>
  </datafield>
  <datafield tag="852" ind1=" " ind2=" ">
   <subfield code="a">INST</subfield>
   <subfield code="b">UNIPILB</subfield>
   <subfield code="c">SERIALS</subfield>
   <subfield code="e">20120706</subfield>
   <subfield code="h">Αλφαβητική σειρά</subfield>
   <subfield code="p">76004</subfield>
   <subfield code="q">76004</subfield>
   <subfield code="t">NOLOAN</subfield>
   <subfield code="v">vol.29;no.3:(Μήνας)July;(Έτος)2011</subfield>
   <subfield code="y">23</subfield>
  </datafield>
  <datafield tag="852" ind1=" " ind2=" ">
   <subfield code="a">INST</subfield>
   <subfield code="b">UNIPILB</subfield>
   <subfield code="c">SERIALS</subfield>
   <subfield code="e">20120706</subfield>
   <subfield code="h">Αλφαβητική σειρά</subfield>
   <subfield code="p">76005</subfield>
   <subfield code="q">76005</subfield>
   <subfield code="t">NOLOAN</subfield>
   <subfield code="v">vol.29;no.4:(Μήνας)October;(Έτος)2011</subfield>
   <subfield code="y">23</subfield>
  </datafield>
  <datafield tag="852" ind1=" " ind2=" ">
   <subfield code="a">INST</subfield>
   <subfield code="b">UNIPILB</subfield>
   <subfield code="c">SERIALS</subfield>
   <subfield code="e">20120829</subfield>
   <subfield code="h">Αλφαβητική σειρά</subfield>
   <subfield code="p">76326</subfield>
   <subfield code="q">76326</subfield>
   <subfield code="t">NOLOAN</subfield>
   <subfield code="v">vol.30;no.3:(Μήνας)July;(Έτος)2012</subfield>
   <subfield code="y">23</subfield>
  </datafield>
  <datafield tag="852" ind1=" " ind2=" ">
   <subfield code="a">INST</subfield>
   <subfield code="b">UNIPILB</subfield>
   <subfield code="c">SERIALS</subfield>
   <subfield code="e">20121210</subfield>
   <subfield code="h">Αλφαβητική σειρά</subfield>
   <subfield code="p">77324</subfield>
   <subfield code="q">77324</subfield>
   <subfield code="t">NOLOAN</subfield>
   <subfield code="v">vol.30;no.4:(Μήνας)October;(Έτος)2012</subfield>
   <subfield code="y">23</subfield>
  </datafield>
  <datafield tag="856" ind1="4" ind2="1">
   <subfield code="u">http://www.journals.uchicago.edu/JOLE/toc.html</subfield>
  </datafield>
  <datafield tag="856" ind1="4" ind2="1">
   <subfield code="u">http://www.jstor.org/browse/0734306x?frame=noframe&amp;userID=c3fbe32e@unipi.gr/01cce4401f00501704d&amp;dpi=3&amp;config=jstor</subfield>
  </datafield>
  <datafield tag="900" ind1=" " ind2=" ">
   <subfield code="a">Vol. 31 no. 1 (January 2013)</subfield>
   <subfield code="b">Οφειλόμενο</subfield>
   <subfield code="c">13/06/2017</subfield>
  </datafield>
  <datafield tag="900" ind1=" " ind2=" ">
   <subfield code="a">Vol. 26 no. 1 (January 2008)</subfield>
   <subfield code="b">Οφειλόμενο</subfield>
   <subfield code="c">10/03/2009</subfield>
  </datafield>
  <datafield tag="900" ind1=" " ind2=" ">
   <subfield code="a">Vol. 26 no. 2 (April 2008)</subfield>
   <subfield code="b">Οφειλόμενο</subfield>
   <subfield code="c">30/11/2009</subfield>
  </datafield>
  <datafield tag="900" ind1=" " ind2=" ">
   <subfield code="a">Vol. 26 no. 3 (July 2008)</subfield>
   <subfield code="b">Οφειλόμενο</subfield>
   <subfield code="c">30/11/2009</subfield>
  </datafield>
  <datafield tag="900" ind1=" " ind2=" ">
   <subfield code="a">Vol. 26 no. 4 (October 2008)</subfield>
   <subfield code="b">Οφειλόμενο</subfield>
   <subfield code="c">30/11/2009</subfield>
  </datafield>
  <datafield tag="900" ind1=" " ind2=" ">
   <subfield code="a">Vol. 30 no. 2 (April 2012)</subfield>
   <subfield code="b">Οφειλόμενο</subfield>
   <subfield code="c">26/04/2013</subfield>
  </datafield>
  <datafield tag="950" ind1=" " ind2=" ">
   <subfield code="a">01/01/2003</subfield>
   <subfield code="c">SWETS INFORMATION SERVICES</subfield>
   <subfield code="d">99</subfield>
  </datafield>
  <datafield tag="951" ind1=" " ind2=" ">
   <subfield code="a">Vol. 30 no. 3 (July 2012) - Vol. 30 no. 4 (October 2012)</subfield>
   <subfield code="b">Main run</subfield>
  </datafield>
  <datafield tag="951" ind1=" " ind2=" ">
   <subfield code="a">Vol.20, no.1(2002) -  (v.20, no.4(2002)</subfield>
   <subfield code="b">Main run</subfield>
  </datafield>
  <datafield tag="951" ind1=" " ind2=" ">
   <subfield code="a">Vol. 21 no. 1 (January 2003) - Vol. 24 no. 4 (October 2006)</subfield>
   <subfield code="b">Main run</subfield>
  </datafield>
  <datafield tag="951" ind1=" " ind2=" ">
   <subfield code="a">Vol. 25 no. 1 (January 2007) - Vol. 25 no. 4 (October 2007)</subfield>
   <subfield code="b">Main run</subfield>
  </datafield>
  <datafield tag="951" ind1=" " ind2=" ">
   <subfield code="a">Vol. 27 no. 1 (January 2009) - Vol. 29 no. 4 (October 2011)</subfield>
   <subfield code="b">Main run</subfield>
  </datafield>
  <datafield tag="951" ind1=" " ind2=" ">
   <subfield code="a">Vol. 30 no. 1 (January 2012)</subfield>
   <subfield code="b">Main run</subfield>
  </datafield>
 </record>
</collection>
